| 000 | 00913nam a22002897a 4500 | ||
|---|---|---|---|
| 001 | 7939 | ||
| 003 | FISKH | ||
| 005 | 20250814110636.0 | ||
| 008 | 250814b cb ||||| |||| 00| 0 eng d | ||
| 020 | _a9780316024532 | ||
| 040 |
_aFISKH _beng _cFISKH _dFISKH |
||
| 050 | _aPZ7.L644 L | ||
| 082 | _a028.5 | ||
| 100 |
_aLin, Grace _d(1974-) |
||
| 245 |
_aLing & Ting : _bNot exactly the same! / _cBy Grace Lin |
||
| 250 | _aThis edition first published in 2011 | ||
| 260 |
_aNew York : _bLittleBrown, _c2010 |
||
| 300 |
_a43 pages : _bcolor illustrations ; _c23 cm |
||
| 505 | _aG | ||
| 520 | _aLing and Ting are identical twins that people think are exactly the same, but time and again they prove to be different. | ||
| 521 | 8 |
_a390
_bLexile |
|
| 521 | 8 |
_aG
_bRaz-Plus |
|
| 650 |
_2Differences _aAsian American |
||
| 650 |
_2Chinese Americans _aDumplings |
||
| 942 |
_2ddc _cBK _n0 |
||
| 999 |
_c7939 _d7939 |
||